000
00300nam a22001337a 4500
008
181105b xxu||||| |||| 00| 0 eng d
020
_a
9780130752239
041
_a
eng
080
_2
2nd
_a
510
100
_a
36
101
_a
MAT
245
_a
Basic College Mathematics
_c
Gay,K.E.M
942
_2
udc
_c
BK
999
_c
51796
_d
51796